000 00766nas a2200241 4500
001 BR8103523
003 BR-BrBNA
005 20231205084800.0
007 ta
008 230509b bl.|||p| |||| 00| 00por d
040 _aBR-BrBNA
_bpor
_cBiblioteca Nacional de Agricultura
041 _a(Pt)
072 _aP05
100 1 _aMartins, H.
245 1 _aOleos vegetais: perspectivas energeticas [Recurso energetico; Brasil]
650 _aRecurso energetico
650 _aOleo vegetal
650 _aOleo diesel
650 _aCombustivel
773 0 _tInforme Agropecuario - Empresa de Pesquisa Agropecuaria de Minas Gerais (Brazil)
_xISSN 0100-3364
_g(Oct 1981), v. 7(82) p. 22-24
_wBR8103523
909 _a202311
_bLúcia
_c55
_dLúcia Elande
942 _2AGRIS
_n0
_cANA
999 _c107252
_d107252